Normal view
MARC view
- Ullmann Liv
Entry Personal Name
001 - CONTROL NUMBER
- control field: 52249
003 - CONTROL NUMBER IDENTIFIER
- control field: IT-RoPau
005 - DATE AND TIME OF LATEST TRANSACTION
- control field: 20151202214450.0
008 - FIXED-LENGTH DATA ELEMENTS
- fixed length control field: 151202|| aca||aabn | a|a d
040 ## - CATALOGING SOURCE
- Original cataloging agency: IT-RoPau
- Transcribing agency: IT-RoPau
100 ## - HEADING--PERSONAL NAME
- Personal name: Ullmann Liv
- Miscellaneous information: Codice regista SPICS: 55953
670 ## - SOURCE DATA FOUND
- Source citation: Work cat.: (IT-RoPau)107477: Ullmann Liv Codice regista SPICS: 55953, INFEDELE (L) INFEDELE (L) (Rif. Codice opera principale : G8833)